PLANT resources of South-East Asia : Bibliography 5 (1) : Timber trees : Major commercial timbers - Part 2

Bibliographic Details
Other Authors: Danimihardja, Riswan
Format: Book
Published: Bogor, Indonesia : PROSEA , 1994
Edition:1st ed.
Subjects:

MARC

LEADER 00000cam a2200000 7i4500
001 0000001032
005 20131209.0
020 0 0
090 0 0 |a R580   |b PLA 1994 
245 0 0 |a PLANT resources of South-East Asia :   |b Bibliography 5 (1) : Timber trees : Major commercial timbers - Part 2   |c editors, Sarkat Danimihardja and Soedarsono Riswan 
250 0 0 |a 1st ed. 
260 0 0 |a Bogor, Indonesia :   |b PROSEA ,   |c 1994 
300 |a 343 p. ;   |c 26 cm. 
650 0 0 |a Trees   |x Bibliography 
700 0 1 |a Danimihardja   |h Sarkat 
700 0 1 |a Riswan   |h Soedarsono 
998 |a JPSM 
999 |a 0000002533   |b Monograph   |c Reference   |e Default branch